000 00444nam a22001697a 4500
005 20180317152818.0
008 160621b xxu||||| |||| 00| 0 eng d
020 _a978-81-7733-500-2
041 _aeng
082 _b8768
_a336.24
100 _aAhuja Dr. Girish and Gupta Dr. Ravi
_92542
245 _aSystematic Approach to Income Tax Service Taz & Vat
260 _bBlart
_c2009
300 _a760
650 _aManagement
_9241
942 _cBK
999 _c3405
_d3404